RICS: how it works (Record no. 73661)
[ view plain ]
| 000 -LEADER | |
|---|---|
| fixed length control field | 01218cam a2200241 4500 |
| 001 - CONTROL NUMBER | |
| control field | ABS67188 |
| 008 - FIXED-LENGTH DATA ELEMENTS--GENERAL INFORMATION | |
| fixed length control field | 031028n2003 000 0 eng u |
| 035 ## - SYSTEM CONTROL NUMBER | |
| System control number | (Sirsi) u124072 |
| 100 ## - MAIN ENTRY--PERSONAL NAME | |
| Personal name | Brooke, N. |
| 245 ## - TITLE STATEMENT | |
| Title | RICS: how it works |
| 260 ## - PUBLICATION, DISTRIBUTION, ETC. | |
| Date of publication, distribution, etc. | 2003 |
| 490 ## - SERIES STATEMENT | |
| Series statement | RICS Business |
| Volume/sequential designation | September 2003, 10-12(3) |
| 520 ## - SUMMARY, ETC. | |
| Summary, etc. | RICS President Nick Brooke takes a timely, fresh look at RICS' post 'Agenda for change' role, further raising the profession's profile and maximising benefits to the membership at large without forgetting RICS' overriding duty to act in the public interest. Dispels the charge that RICS has become obsessed with globalisation at the expense of the UK membership, recognises the need to improve local service delivery and endorses the real value of the qualification and the brand. Diagram highlights the key RICS benefits. Checklists detail RICS services and contacts and RICS' mission statement is featured. |
| 590 ## - LOCAL NOTE (RLIN) | |
| Local note | ABS |
| 650 ## - SUBJECT ADDED ENTRY--TOPICAL TERM | |
| Topical term or geographic name entry element | AGENDA FOR CHANGE |
| 650 ## - SUBJECT ADDED ENTRY--TOPICAL TERM | |
| Topical term or geographic name entry element | GLOBALISATION |
| 650 ## - SUBJECT ADDED ENTRY--TOPICAL TERM | |
| Topical term or geographic name entry element | BRANDING |
| 650 ## - SUBJECT ADDED ENTRY--TOPICAL TERM | |
| Topical term or geographic name entry element | PROFESSIONAL QUALIFICATIONS |
| 650 ## - SUBJECT ADDED ENTRY--TOPICAL TERM | |
| Topical term or geographic name entry element | PUBLIC INTEREST |
| 650 ## - SUBJECT ADDED ENTRY--TOPICAL TERM | |
| Topical term or geographic name entry element | RICS |
| 690 ## - LOCAL SUBJECT ADDED ENTRY--TOPICAL TERM (OCLC, RLIN) | |
| Topical term or geographic name as entry element | MANAGEMENT-BUSINESS MANAGEMENT-PROFESSIONAL PRACTICE |
| 942 ## - ADDED ENTRY ELEMENTS (KOHA) | |
| Suppress in OPAC | 0 |
| Withdrawn status | Lost status | Source of classification or shelving scheme | Damaged status | Not for loan | Home library | Current library | Shelving location | Date acquired | Total Checkouts | Full call number | Barcode | Date last seen | Copy number | Price effective from | Koha item type |
|---|---|---|---|---|---|---|---|---|---|---|---|---|---|---|---|
| Dewey Decimal Classification | London | London | Journal article | 28/10/2003 | ABS67188 | 124072-1001 | 06/08/2019 | 1 | 06/08/2019 | Journal article |